000 00462nam a2200169Ia 4500
003 GCL
008 140319s9999 xx 000 0 ara d
040 _aGCL /
_cGCL
082 0 4 _a910.02
_bف ا
100 1 _aفتحى عبدالعزيز
245 1 0 _aاسس الجغرافيا الطبيعية /
_cفتحى عبدالعزيز
300 _a406 ص
490 _a
650 0 4 _aالجغرافيا الطبيعية
650 0 4 _aالمناخ
942 _2ddc
_cBK
999 _c45497
_d45497